Nennen Sie einen gültigen Nummer 1-Hit - ALLE Deutschen Künstler - Statistiken

Allgemein
  • Dieses Quiz wurde 320 mal gespielt
  • Das Durchschnittsergebnis liegt bei 42 aus 199
Antwortstatistiken
Nennen Sie einen Nummer 1 Hit von... Antworten % Korrekt
Apache 207 Roller | Wieso tust du dir das an? | Fame | Boot | Bläulich | Unterwegs | Sie ruft | Angst | Madonna | Kapitel II Vodka | Komet
83%
Peter Maffay Du | So bist du
80%
Nena (Band & Solo) 99 Luftballons | Liebe ist
71%
Andreas Bourani Auf uns | Astronaut
69%
Lena Meyer-Landrut Satellite
69%
Die Ärzte Schrei nach Liebe | Ein Schwein namens Männer | Unrockbar | Junge | True Romance
68%
Tokio Hotel Durch den Monsun | Rette mich | Der letzte Tag | Übers Ende der Welt
64%
Bausa Was du Liebe nennst | Madonna | 9 bis 9
60%
Capital Bra 5 Songs in einer Nacht | Neymar | One Night Stand | Berlin lebt | Für euch alle | Melodien | Roli Glitzer Glitzer | Benzema | Prinzessa | DNA | Wir ticken | Cherry Lady | Wieder Lila | Royal Rumble | Tilidin | Zombie | Nummer 1 | 110 | Der Bratan bleibt der gleiche | Baby | Nicht verdient | Frühstück in Paris
59%
Nina Chuba Wildberry Lillet
59%
Boney M. Daddy Cool | Sunny | Ma Baker | Belfast | Rivers of Babylon | Rasputin | Mary’s Boy Child / Oh My Lord | El Lute / Gotta Go Home
58%
Namika Lieblingsmensch | Je ne parle pas français
58%
Udo LIndenberg Komet
56%
Lou Bega Mambo No. 5 (A Little Bit Of …)
55%
Cro Whatever | Traum | Bye Bye | Frühstück in Paris
55%
Ski Aggu / Otto Waalkes Friesenjung
54%
Geier Sturzflug Bruttosozialprodukt
53%
Peter Schilling Major Tom (völlig losgelöst)
53%
Herbert Grönemeyer Mensch | Zeit, dass sich was dreht | Lied 1 – Stück vom Himmel
52%
Die Toten Hosen Zehn kleine Jägermeister | Tage wie diese
52%
Alphaville Big in Japan
51%
Culcha Candela Hamma
50%
Rammstein Pussy | Deutschland | Zeit | Zick Zack
50%
Spider Murphy Gang Skandal im Sperrbezirk
49%
Jürgen Drews Ein Bett im Kornfeld
48%
Fools Garden Lemon Tree
48%
Marteria Lila Wolken
48%
Juju Melodien | Vermissen | Kein Wort
48%
Henning May Vermissen
48%
Nicole Ein bißchen Frieden
47%
Matthias Reim Verdammt, ich lieb’ Dich
47%
Scorpions Wind of Change
47%
Oli.P Flugzeuge im Bauch | So bist du (und wenn du gehst …)
45%
Sido Astronaut
40%
Modern Talking You’re My Heart, You’re My Soul | You Can Win If You Want | Cheri, Cheri Lady | Brother Louie | Atlantis Is Calling (S.O.S. for Love)
40%
Polarkreis 18 Allein Allein
38%
Pietro Lombardi Call My Name | Señorita | Phänomenal
38%
Dschinghis Khan Dschinghis Khan
38%
DJ Robin & Schürze Layla
38%
Peter Fox / Inéz Zukunft Pink
38%
Samra Für euch alle | Cataleya | Wir ticken | Harami | Wieder Lila | Royal Rumble | Tilidin | Zombie | Nummer 1 | 110 | Rohdiamant ٢٠٢٠ | Kennst du das ?!
37%
Drafi Deutscher Marmor, Stein und Eisen bricht
37%
Bonez MC 500 PS | Kokain | Roadrunner | In meinem Benz | Big Body Benz | Fuckst mich nur ab | Angeklagt | Extasy | Blaues Licht
36%
Die Doofen Mief! (Nimm mich jetzt, auch wenn ich stinke!)
36%
Ufo361 Neymar | Standard | Emotions 2.0
36%
Schnappi, das kleine Krokodil Schnappi, das kleine Krokodil
36%
Felix Jaehn/Eff Cheerleader | Ain’t Nobody (Loves Me Better) | Stimme
35%
Silbermond Das Beste | Irgendwas bleibt
33%
Shirin David Gib ihm | 90-60-111 | Ich darf das | Lieben wir | Be a Hoe/Break a Hoe
32%
Stefan Raab & Truck Stop Maschen-Draht-Zaun
32%
Sportfreunde Stiller ’54, ’74, ’90, 2006
31%
U 96 Das Boot
31%
Kay One Señorita
31%
Mike Krüger Der Nippel
30%
Markus Ich will Spaß
30%
Mark Forster/Eff Stimme
29%
Tic Tac Toe Verpiss’ dich | Warum?
29%
Lea 110
28%
Torfrock Beinhart
28%
Yvonne Catterfeld Für dich | Du hast mein Herz gebrochen
28%
Nino de Angelo Jenseits von Eden
28%
Gzuz Kokain | Standard
28%
Texas Lightning No No Never
27%
Roland Kaiser Santa Maria
27%
Höhner Wenn nicht jetzt, wann dann?
27%
Mero Baller los | Hobby Hobby | Ferrari | Wolke 10 | Kein Plan | Sie weiß
26%
Sarah Connor From Sarah with Love | Music Is the Key | Just One Last Dance | Living to Love You | From Zero to Hero
26%
KitschKrieg Standard | Unterwegs
26%
No Angels Daylight in Your Eyes | There Must Be an Angel | Something About Us | No Angel (It’s All in Your Mind)
25%
Juliane Werding Am Tag, als Conny Kramer starb
24%
Zlatko Trpkovski Ich vermiss’ Dich (wie die Hölle) | Großer Bruder
24%
Luciano Roli Glitzer Glitzer | Royal Rumble | 2CB | Beautiful Girl | Bamba | All Night
24%
Gringo / Trettmann Standard
24%
Jürgen Milski Großer Bruder
23%
Ich + Ich Pflaster
23%
Snap! Rhythm Is a Dancer
23%
Die Fantastischen Vier Sie ist weg
23%
Robin Schulz Waves | Prayer in C | Sugar
23%
Die Gerd-Show Der Steuersong (Las Kanzlern)
22%
Alexander Klaws (Solo) Take Me Tonight | Free Like The Wind
22%
Oomph! Augen auf!
21%
Milli Vanilli Girl You Know It’s True
21%
Culture Beat Mr. Vain
21%
Ayliva Sie weiß | Hässlich
21%
Domiziana Ohne Benzin
20%
Michael Holm Tränen lügen nicht
20%
DSDS-Allstars We have a Dream
20%
Kummer / Fred Rabe Der letzte Song (Alles wird gut)
19%
Miksu/Macloud Kein Wort | Sehnsucht | We Made It | Nachts wach
19%
AK Ausserkontrolle In meinem Benz
18%
Gottlieb Wendehals (Werner Böhm) Polonäse Blankenese
18%
Xavier Naidoo Ich kenne nichts (das so schön ist wie du) | Danke
17%
Sandra (I’ll Never Be) Maria Magdalena
17%
Monrose Shame | Hot Summer
17%
Bernd Clüver Der Junge mit der Mundharmonika | Der kleine Prinz (Ein Engel, der Sehnsucht heißt)
16%
Luca-Dante Spadafora, Niklas Dee & Octavian Mädchen auf dem Pferd
16%
Olexesh & Edin Magisch
16%
Vize Baby
15%
La Bouche Be My Lover
15%
Max Mutzke Can’t Wait Until Tonight
15%
Sabrina Setlur Du liebst mich nicht
15%
Ramon Roselly Eine Nacht
15%
Roy Black Ganz in Weiß | Das Mädchen Carina | Dein schönstes Geschenk
15%
Kasimir1441 / Badmómzjay / Wildbwoys Ohne dich
15%
Pashanim Sommergewitter
15%
Scooter Nessaja
13%
Sira / Badchieff 9 bis 9
12%
Tauchen-Prokopetz (DÖF) Codo … düse im Sauseschritt
12%
Alex C. / Y-ass Du hast den schönsten Arsch der Welt
12%
Rosenstolz Gib mir Sonne
12%
Katja Krasavice Highway | Best Friend | Pussy Power | Raindrops
12%
Bro'Sis I Believe
12%
Mark Medlock Now or Never | You Can Get It | Summer Love
12%
Daniel Küblböck (Solo) You Drive Me Crazy
12%
Bushido Für euch alle
11%
Elif Highway
11%
Schnuffel Kuschel Song
11%
Die 3. Generation Leb!
11%
Eno Roli Glitzer Glitzer | Ferrari
11%
Tobias Regner I Still Burn
10%
Frank Farian (Solo) Rocky
10%
Nimo Royal Rumble | Kein Schlaf
10%
Kollegah & Farid Bang Sturmmaske auf (Intro)
10%
Goombay Dance Band Sun of Jamaica
10%
Enigma Sadeness (Part I)
9%
Martin Kesici Angel of Berlin
8%
Mysterious Art Das Omen (Teil 1)
8%
KC Rebell & Summer Cem DNA
8%
Shindy Dodi | Mandarinen
8%
Kalazh44 Royal Rumble
8%
Kontra K Summertime
8%
Nu Pagadi Sweetest Poison
8%
Mark ’Oh Tears Don’t Lie
8%
Jamule Unterwegs
8%
Conny Froboess / Blue Capris Zwei kleine Italiener
8%
Daniel Schuhmacher Anything but Love
7%
Montez Auf & ab
7%
Frauenarzt Extasy
7%
Captain Hollywood Project More and More
7%
Mehrzad Marashi Don't Believe
6%
Christian Möllmann Es ist geil, ein Arschloch zu sein
6%
Prince Damien Glücksmoment
6%
Twenty4tim Gönn dir | Icecream | Hot or Not
6%
Wums Gesang (Loriot) Ich wünsch mir ’ne kleine Miezekatze
6%
Hava Kein Schlaf
6%
Thomas Godoj Love Is You
6%
French Affair My Heart Goes Boom (La Di Da Da)
6%
Azad Prison Break Anthem (Ich glaub’ an dich)
6%
Werner Wichtig Pump ab das Bier
6%
Overground Schick mir ’nen Engel
6%
Bill Ramsey Souvenirs | Pigalle (Die große Mausefalle)
6%
Fred Bertelmann Der Lachende Vagabund
5%
Billy Mo Ich kauf’ mir lieber einen Tirolerhut
5%
Nana (Blackman) Lonely
5%
Leony Raindrops
5%
Kitty Kat Be a Hoe/Break a Hoe | Hot or Not
4%
Söhne Mannheims Das hat die Welt noch nicht gesehen
4%
Bernd Spier Das kannst du mir nicht verbieten | Memphis, Tennessee
4%
Lale Andersen Ein Schiff wird kommen
4%
Die Windows How Do You Do
4%
Fred Sonnenschein (Frank Zander) Ja, wenn wir alle Englein wären
4%
The Les Humphries Singers Mama Loo
4%
Magic Affair Omen III
4%
Manuela Schuld war nur der Bossa Nova
4%
Members of Mayday Sonic Empire
4%
Chris Andrews Yesterday Man
4%
Frank Duval & Orchestra Angel of Mine
3%
Ralf Bendix und die kleine Elisabeth Babysitter-Boogie
3%
Gerhard Wendland Tanze mit mir in den Morgen
3%
Heidi Brühl Wir wollen niemals auseinandergehn
3%
Margot Eskens / Wolfgang Sauer Cindy, oh Cindy
2%
Mike Leon Grosch Don’t Let It Get You Down
2%
Zuna Du bist mein
2%
Daisy Door Du lebst in deiner Welt
2%
Preluders Everyday Girl
2%
Friedel Hensch und die Cyprys Heideröslein
2%
Pur Ich denk an dich
2%
Peter Kent It’s a Real Good Feeling
2%
Die Heimatsänger Köhlerliesel
2%
Ted Herold Moonlight
2%
Die Sieben Raben Smoky
2%
Rex Gildo Speedy Gonzales | Vom Stadtpark die Laternen
2%
Hans-Arno Simon Wodka-Fox
2%
Kurt-Adolf Thelen/ Sunshine-Quartett / Golgowsky-Quartett / Will Glahé Am 30. Mai ist der Weltuntergang
1%
Peter Lauch & die Regenpfeifer Das kommt vom Rudern, das kommt vom Segeln
1%
Fausto Campi und die Leonardos He Mister Banjo
1%
Peter Niemann Jana, schöne Mexicana
1%
Hula Hawaiian Quartett Jim, Jonny und Jonas
1%
Ronny Oh My Darling Caroline | Kleine Annabell/Kenn ein Land
1%
Fred Weyrich / Peheiros / Béla Sanders Schweden-Mädel
1%
Rodgers-Gesangs-Duett Sei zufrieden
1%
Nilsen Brothers Tom Dooley
1%
Zehn Whiskys und ein Soda Wir, Wir, Wir, haben ein Klavier
1%
Hilo Hawaiians Domingo Santo Domingo
0%
Trio Kolenka Hüh-a-hoh – Vier Schimmel, ein Wagen
0%
Tony Marshall Komm gib mir deine Hand
0%
Will Brandes Marina
0%
Werner Dies / Willy Berking Schuster bleib bei deinen Leisten
0%
Tahiti-Tamourés Wini-Wini
0%
Keine übereinstimmenden Quizze gefunden
Verteilung der Resultate
Anzahl Personen mit jedem Resultat
Perzentil nach korrekt beantworteten Fragen
Ihre Resultats-Entwicklung
Sie haben dieses Quiz noch nicht gespielt